Porcelain as an art and a mirror of fashion (Record no. 2272)

MARC details
000 -CABECERA
campo de control de longitud fija 00662nam a2200205 a 4500
001 - NÚMERO DE CONTROL
campo de control BRCA_2531
005 - FECHA Y HORA DE LA ÚLTIMA TRANSACCIÓN
campo de control 20190320203843.0
008 - DATOS DE LONGITUD FIJA--INFORMACIÓN GENERAL
campo de control de longitud fija 251108s1932----enka---###---#000-0#eng-u
050 #4 - SIGNATURA TOPOGRÁFICA DE LA BIBLIOTECA DEL CONGRESO
Número de clasificación NK4370
Número de documento/Ítem .S36 1932
100 1# - ENTRADA PRINCIPAL--NOMBRE DE PERSONA
Nombre de persona Schmidt, Robert
9 (RLIN) 7211
245 10 - MENCIÓN DE TÍTULO
Título Porcelain as an art and a mirror of fashion
Mención de responsabilidad, etc. by Robert Schmidt ; translated and edited with an introduction by W. A. Thorpe.
260 ## - PUBLICACIÓN, DISTRIBUCIÓN, ETC.
Lugar de publicación, distribución, etc. London
Nombre del editor, distribuidor, etc. G. G. Harrap
Fecha de publicación, distribución, etc. 1932
300 ## - DESCRIPCIÓN FÍSICA
Extensión 335 p.
Otras características físicas il. a color, 8 láminas
Dimensiones 20 cm.
500 ## - NOTA GENERAL
Nota general Incluye lista de ilustraciones.
500 ## - NOTA GENERAL
Nota general A18
650 14 - PUNTO DE ACCESO ADICIONAL DE MATERIA--TÉRMINO DE MATERIA
Término de materia o nombre geográfico como elemento de entrada Porcelana
9 (RLIN) 1509
700 1# - PUNTO DE ACCESO ADICIONAL--NOMBRE DE PERSONA
Nombre de persona Thorpe, William Arnold
Término indicativo de función/relación tr.
9 (RLIN) 7268
902 ## - CATALOGADOR
Iniciales GFM
942 ## - ELEMENTOS DE PUNTO DE ACCESO ADICIONAL (KOHA)
Fuente del sistema de clasificación o colocación Library of Congress Classification
Tipo de ítem Koha Libros
Holdings
Estado de retiro Estado de pérdida Estado dañado No para préstamo Localización permanente Ubicación/localización actual Fecha de adquisición Número de inventario Total de préstamos Signatura topográfica completa Código de barras Fecha visto por última vez Precio válido a partir de Tipo de ítem Koha
El ejemplar forma parte de la colección y puede ser consultado según las políticas vigentes.       Biblioteca del Museo Franz Mayer (Rogerio Casas-Alatriste) Biblioteca del Museo Franz Mayer (Rogerio Casas-Alatriste) 25/11/2008 A18   NK4370 .S36 1932 (A18) 2528 22/03/2019 22/03/2019 Libros